|
|
|
|
| LEADER |
00000csc a2200000 a 4500 |
| 001 |
49148 |
| 005 |
20230705111652.0 |
| 008 |
003041|1981 ||||||||r|||||||||||spa|| |
| 020 |
|
|
|a 843061138X
|
| 040 |
|
|
|b spa
|
| 041 |
1 |
|
|a spa
|
| 082 |
0 |
|
|a 232
|
| 100 |
1 |
|
|a Hegel, Georg Wilhelm Friedrich.
|d 1770-1831
|9 271617
|
| 245 |
|
|
|a Historia de Jesús
|c Friedrich Georg Wilhelm Hegel
|h imp
|
| 264 |
|
|
|a Madrid
|b Taurus Ediciones
|c 1981
|
| 300 |
|
|
|a 125 páginas:
|c 21 cm
|
| 490 |
|
|
|a Ensayistas
|n no. 138
|
| 504 |
|
|
|a incl. ref.
|
| 650 |
|
|
|a Jesus
|9 14851
|
| 650 |
|
|
|a Cristianismo
|
| 650 |
|
|
|a Razon
|9 23721
|
| 650 |
|
|
|a Evangelios
|9 8620
|
| 650 |
|
|
|a Filosofia religiosa
|9 113322
|
| 852 |
|
|
|a UC-CDJBV
|c ESTANTERIA CERRADA
|f Compra
|k npena
|l 1
|m General
|p 20030410
|q 1,00
|r 2
|t 49148
|b 0
|d CDRC
|e CDRC
|g 232 ESTANTERIA CERRADA
|z 2003-30-41
|
| 942 |
|
|
|
| 999 |
|
|
|c 118161
|d 118161
|